000 00271nam a22001097a 4500
008 170123b xxu||||| |||| 00| 0 eng d
020 _a0323023916
041 _aeng
080 _23RD
_a618.2
245 _aNURSING OUTCOMES CLASSIFICATION (NOC)
_cMOORHEAD, S
942 _2udc
_cBK
999 _c3372
_d3372